1861 1743 1430 1701 1734 1050 1804 1004 1941 1368 1308 1495 1164 1160 1426 1818 1397 1274 1933 1213 1977 1044 1777 1684 1823 1688 1561 1039 1473 1211 1862 1186 1590 1086 1435 1189 1563 1193 1283 1056 1930 1237 1928 1216 1475 1300 1457 1596 1947 1570 1983 1794 1994 1885 1864 1383 1686 1284 1897 1013 1929 1709 1801 1433 1987 1129 1763 1515 1910 1033 1341 1567 1036 1640 1352 1304 1968 1667 1317 1515 1103 1273 1567 1622 1188 1250 1071 1556 1670 1041 1850 1303 1359 1586 1070 1981 1745 1039 1042 BCNSPRNW ULIB Ver.6.0+V

เปลี่ยนเป็นภาษาไทย

Change to English
 แสดงรายละเอียดบรรณานุกรม
  กลับหน้าหลัก

Brief Record : Get Marc (ISO 2709) : E-mail record : QR code < ปิดหน้าต่าง
LEADER : 00000nam 2200000uu 4500
001    13399125038
003     ULIB
008    160529s2558||||th 000 0 tha d
020    ^a9786162366086
050 4  ^aDS520^bก111ค
110 0  ^aกลุ่มวิชาการสุพรรณิการ์
245 00 ^aความรู้รรอบตัวอาเซียนฉบับเบื้องต้น/^cกลุ่มวิชาการสุพรรณิการ์
260    ^aกรุงเทพฯ:^bธิงค์บียอนด์ บุ๊คส์;^c2558.
300    ^a264หน้า:^c19.5ซม.
650  0 ^aสมาคมอาเซียน
945    ^p199^l0^i23770
999    ^aทศพร เกษรทอง
รายการนี้ยังไม่มีแท็ก
คุณยังไม่ได้ล็อกอิน คุณสามารถมีกิจกรรมร่วมกับเว็บไซต์ได้ แต่ต้องล็อกอินก่อน ::
  ล็อกอิน

รายการสื่อสารสนเทศ

ลำดับที่ ประเภท เลขเรียก/บาร์โค้ด สถานที่ สถานะ
1. การศึกษาทั่วไป
การศึกษาทั่วไป
DS520 ก111ค ฉ.1 
  Barcode: 23770
ห้องสมุดวิทยาเขตนครสวรรค์
►หนังสือทั่วไป:l:General Books
บนชั้น

รายการใกล้เคียง
    หัวเรื่อง [สมาคมอาเซียน]

BibComment


ยังไม่เคยถูกคอมเมนท์

คอมเมนท์ทรัพยากรรายการนี้
  คอมเมนท์: ความรู้รรอบตัวอา..


 Copyright 2026. Bcnsprnw @Library